| 000 | 00394 a2200169 4500 | ||
|---|---|---|---|
| 001 | 70350 | ||
| 082 | _a004 NOR | ||
| 090 |
_c38719 _d38719 |
||
| 100 | _aPeter Norton | ||
| 245 |
_aINTRODUCTION TO COMPUTER 4th/Ed _cPeter Norton |
||
| 250 | _a4 th | ||
| 260 |
_aSINGAPUR _bMcGRAW HILL |
||
| 300 | _axxx.610.p | ||
| 500 | _aCFT Textbook | ||
| 520 | _aCFT Textbook | ||
| 600 | _aPeter Norton | ||
| 942 |
_aNUST-CAE _k004 NOR |
||
| 999 |
_c305423 _d305423 |
||